|
|
|
|
| LEADER |
01692cas a2200229 a 4500 |
| 001 |
AALejournalIMF022192 |
| 008 |
230101c9999 xx r poo 0 0eng d |
| 020 |
|
|
|z 9781484387665
|
| 040 |
|
|
|a BD-DhAAL
|c BD-DhAAL
|
| 100 |
1 |
|
|a Enoch, Charles.
|
| 245 |
1 |
0 |
|a From Fragmentation to Financial Integration in Europe /
|c Charles Enoch, Luc Everaert, Thierry Tressel, Jianping Zhou.
|
| 264 |
|
1 |
|a Washington, D.C. :
|b International Monetary Fund,
|c 2013.
|
| 300 |
|
|
|a 1 online resource (524 pages)
|
| 500 |
|
|
|a <strong>Off-Campus Access:</strong> No User ID or Password Required
|
| 500 |
|
|
|a <strong>On-Campus Access:</strong> No User ID or Password Required
|
| 506 |
|
|
|a Electronic access restricted to authorized BRAC University faculty, staff and students
|
| 520 |
3 |
|
|a From Fragmentation to Financial Integration in Europe is a comprehensive study of the European Union financial system. It provides an overview of the issues central to securing a safer financial system for the European Union and looks at the responses to the global financial crisis, both at the macro level-the pendulum of financial integration and fragmentation-and at the micro level-the institutional reforms that are taking place to address the crisis. The emerging financial sector management infrastructure, including the proposed Single Supervisory Mechanism and other elements of a banking union for the euro area, are also discussed in detail.
|
| 538 |
|
|
|a Mode of access: Internet
|
| 700 |
1 |
|
|a Everaert, Luc.
|
| 700 |
1 |
|
|a Tressel, Thierry.
|
| 700 |
1 |
|
|a Zhou, Jianping.
|
| 856 |
4 |
0 |
|z Full text available on IMF
|u http://elibrary.imf.org/view/books/071/20740-9781484387665-en/20740-9781484387665-en-book.xml
|z IMF e-Library
|